00689nam a2200229 a 4500001001300000003000900013005001700022008004100039020002300080082001700103100002200120245003900142260004300181300000900224500003500233505002400268650001700292902000800309942000700317952011800324999001700442nice12345678IN_TiNIC20260116014422.0050524s1997 cama grp 000 0 eng  a0946621 c10000a297.124bIBR aIbrahim, Ezzeddin aForty Hadith Qudsi, Arabic-English aCambridgebIslamic Texts Societyc1997 a151p aincludes index and biblioraphy2 aBibliography, Index aHadith-Qudsi bSRS cBK 001040708StackRoom-aHMIbHMId2007-08-07g100.00l0o297.124 IBRp020117r2007-08-07v100.00w2005-05-24yBK c15209d15209